• 首页
  • 本馆介绍
  • 公告通知
  • 最新文献
  • 馆藏检索
  • 电子资源
  • 读者导购
  • 参考咨询
  • 我的图书馆
  • 登录
  • 详细信息显示
  • 放入我的书架
  • 预约/预借图书
  • 作者相关作品
  • 分类相关作品
  • 丛书相关作品
  • 出版社相关作品

书目信息

  • 表格格式
  • 工作单格式
  • 卡片格式
题名:
七人之狱
    
 
作者: 沙千里 著
分册:  
出版信息: 北京   三联书店  1984
页数: 150页
开本: 18cm
丛书名:
单 册:
中图分类: K264.6
科图分类:
主题词: 七君子事件 , 抗日救国:民主运动--中国--1927~1937 , 民主运动:抗日救国--中国--1927~1937
电子资源:
ISBN:
000 00711nam0 2200265 45
001 0184012846
005 20040519082300.8
010    @dCNY0.54
091    @a11002.604
100    @a19950603d1984 em y0chiy0121 ea
101 0  @achi
102    @aCN@b110000
105    @af z 000yy
106    @ar
200 10 @a七人之狱@Aqi ren zhi yu@f沙千里著
210    @a北京@c三联书店@d1984
215    @a150页@c照片@d18cm
606    @a七君子事件
606    @a抗日救国:民主运动@y中国@z1927~1937
606    @a民主运动:抗日救国@y中国@z1927~1937
690    @aK264.6@v3
701  0 @a沙千里@Asha qian li@4著
801  0 @aCN@b上海图书馆@c20040519
801  2 @aCN@bNLC@c20040519
905    @f2@b113242-243@dK264.6@e20
    
    七人之狱/沙千里著.-北京:三联书店,1984
    150页:照片;18cm
    
    
    ISBN :CNY0.54
    
●
相关链接 在E读中查询图书 在五车中查询图书 在当当中查询图书 在豆瓣中查询图书


正题名:七人之狱     索取号:K264.6/20         预约/预借

序号 登录号 条形码 馆藏地/架位号 状态 备注
1 0113242   000353012   第二借阅区/ [索取号:K264.6/20] 在馆    
2 0113243   000353030   密集书库/ [索取号:K264.6/20] 在馆    
3 0113244   000353021   第二样本阅览室/ [索取号:K264.6/20] 在馆    
唐山师范学院图书馆 欢迎您!
大连网信软件有限公司© 版权所有